<?xml version="1.0" encoding="UTF-8"?>
<record
    xmlns:xsi="http://www.w3.org/2001/XMLSchema-instance"
    xsi:schemaLocation="http://www.loc.gov/MARC21/slim http://www.loc.gov/standards/marcxml/schema/MARC21slim.xsd"
    xmlns="http://www.loc.gov/MARC21/slim">

  <leader>00643nam a22001457a 4500</leader>
  <controlfield tag="003">OSt</controlfield>
  <controlfield tag="005">20151001145727.0</controlfield>
  <controlfield tag="008">151001b        xxu||||| |||| 00| 0 eng d</controlfield>
  <datafield tag="040" ind1=" " ind2=" ">
    <subfield code="c">RUA</subfield>
  </datafield>
  <datafield tag="082" ind1=" " ind2=" ">
    <subfield code="a">AGR  &#x1787;&#x17BC;  1994 B002  Or.1</subfield>
  </datafield>
  <datafield tag="100" ind1=" " ind2=" ">
    <subfield code="9">1689</subfield>
    <subfield code="a">&#x1787;&#x17BD; &#x179C;&#x178E;&#x17D2;&#x178E;&#x17C7;</subfield>
  </datafield>
  <datafield tag="245" ind1=" " ind2=" ">
    <subfield code="a">&#x179F;&#x17B7;&#x1780;&#x17D2;&#x179F;&#x17B6;&#x17C1;&#x1796;&#x17B8;&#x1785;&#x17C6;&#x178E;&#x17BC;&#x179B; &#x1793;&#x17B7;&#x1784; &#x1785;&#x17C6;&#x178E;&#x17B6;&#x1799;&#x1790;&#x179C;&#x17B7;&#x1780;&#x17B6;&#x1785;&#x17C6;&#x1793;&#x17BD;&#x1793;&#x1798;&#x17D2;&#x1797;&#x17C3;&#x1782;&#x17D2;&#x179A;&#x17BD;&#x179F;&#x17B6;&#x179A; &#x1793;&#x17C5;&#x1780;&#x17D2;&#x1793;&#x1784;&#x1781;&#x17C1;&#x178F;&#x17D2;&#x178F;&#x1780;&#x178E;&#x17D2;&#x178F;&#x17B6;&#x179B;&#x178A;&#x17BE;&#x1798;&#x17D2;&#x1794;&#x17B8;&#x1780;&#x17C6;&#x178E;&#x178F;&#x17CB;&#x1794;&#x17D2;&#x179A;&#x1797;&#x17C1;&#x1791;&#x1798;&#x17BD;&#x1799;&#x1780;&#x17D2;&#x1793;&#x17BB;&#x1784;&#x1782;&#x17C6;&#x179A;&#x17C4;&#x1784;&#x1790;&#x179C;&#x17B7;&#x1780;&#x17B6;&#x1782;&#x17D2;&#x179A;&#x17BD;&#x179F;&#x17B6;</subfield>
  </datafield>
  <datafield tag="300" ind1=" " ind2=" ">
    <subfield code="a">68p.</subfield>
    <subfield code="b">ill.</subfield>
    <subfield code="c">29cm.</subfield>
  </datafield>
  <datafield tag="942" ind1=" " ind2=" ">
    <subfield code="2">ddc</subfield>
    <subfield code="c">AGR</subfield>
  </datafield>
  <datafield tag="999" ind1=" " ind2=" ">
    <subfield code="c">1591</subfield>
    <subfield code="d">1591</subfield>
  </datafield>
  <datafield tag="952" ind1=" " ind2=" ">
    <subfield code="0">0</subfield>
    <subfield code="1">0</subfield>
    <subfield code="2">ddc</subfield>
    <subfield code="4">0</subfield>
    <subfield code="6">AGR_&#x1787;&#x17BC;_1994_000000000000000_B002_OR_1</subfield>
    <subfield code="7">0</subfield>
    <subfield code="9">7143</subfield>
    <subfield code="a">LBB</subfield>
    <subfield code="b">LBB</subfield>
    <subfield code="c">B002</subfield>
    <subfield code="d">2015-10-01</subfield>
    <subfield code="o">AGR  &#x1787;&#x17BC;  1994 B002  Or.1</subfield>
    <subfield code="r">2015-10-01</subfield>
    <subfield code="w">2015-10-01</subfield>
    <subfield code="y">AGR</subfield>
  </datafield>
</record>
